Lessico famigliare /

Hlavní autor: Ginzburg, Natalia, 1916-1991
Jazyk: Italština
Vydáno: Torino : Einaudi, 2010
Edice: Super ET
Témata:
Fyzický popis: xiii, 278 s. ; 21 cm
Knihy
Uloženo v:
LEADER 00887nam a2200277 a 4500
001 001353613
003 CZ BrMZK
005 20200123124033.0
007 ta
008 131212s2010 it g 000 f ita
020 |a 978-88-06-20305-4  |q (brož.) 
040 |a BOA001  |b cze 
072 7 |a 821.131.1-3  |x Italská próza  |2 Konspekt  |9 25 
080 |a 821.131.1-31  |2 MRF 
080 |a (0:82-31)  |2 MRF 
100 1 |a Ginzburg, Natalia,  |d 1916-1991  |7 jn19990002693  |4 aut 
245 1 0 |a Lessico famigliare /  |c Natalia Ginzburg ; introduzione di Cesare Serge 
260 |a Torino :  |b Einaudi,  |c 2010 
300 |a xiii, 278 s. ;  |c 21 cm 
490 1 |a Super ET 
655 7 |a italské romány  |7 fd132481  |2 czenas 
830 0 |a Super ET 
910 |a BOA001  |b 2-1316.131 
990 |a BK 
991 |b 201401  |e b 
996 7 |b 2610573652  |c 2-1316.131  |l MZK  |r Sklad / do 1 hodiny  |n 6  |p kup  |w 001388743  |u 000010  |a 1  |e BOA001  |j MZK50  |s A